Riconosci il Pokémon - Quiz n°832 - Statistics

Statistiche generali
  • Questo quiz è stato fatto 2 volte
  • Il punteggio medio è 7 su 10
Statistiche sulle risposte
Indizio Riposta % Corretto
Abilità Nervisaldi; Intricopiedi; Coprotagonismo
100%
Generazione Nona
100%
Stadio evoluzione Non si evolve
100%
Tipo Volante / Lotta
100%
Tasso di cattura 100 (21.7%)
50%
Altezza 1,6 m
50%
Peso 37,0 kg
50%
Sesso 50% ♂, 50% ♀
50%
Pokémon Flamigo
50%
Tasso di allevamento Medio-Lento
50%
Nessun quiz corrispondente trovato
Distribuzione punteggi
Percentuale di utenti per punteggio
Percentile per numero di risposta
I tuoi punteggi nel tempo
Non hai fatto questo quiz